000
00224nam a22000857a 4500
008
160827b xxu||||| |||| 00| 0 eng d
100
_9
249
_a
Blyton E
245
_a
Five on Einiston Farm
260
_a
London
_b
Hodder publication
_c
2004
999
_c
2905
_d
2905